| 000 | 02423cam a2200421 i 4500 | ||
|---|---|---|---|
| 001 | 18409912 | ||
| 003 | IVS | ||
| 005 | 20250711151500.0 | ||
| 008 | 141218s2015 nyua b 001 0 eng | ||
| 010 | _a 2014049007 | ||
| 020 | _a9781628926583 | ||
| 020 | _z9781628926620 (ePDF) | ||
| 040 |
_aDLC _beng _cDLC _erda _dDLC |
||
| 042 | _apcc | ||
| 050 | 0 | 0 |
_aTS1765 _b.C64 2015 |
| 082 | 0 | 0 |
_a338.476 COH _223 _b21528 |
| 100 | 1 | _aCohen, Allen C. | |
| 245 | 1 | 0 |
_aJ.J. Pizzuto's fabric science / _cIngrid Johnson, Fashion Institute of Technology, Allen C. Cohen, Ajoy K. Sarkar, Fashion Institute of Technology. |
| 246 | 3 | 0 | _aFabric science |
| 250 | _aEleventh edition. | ||
| 264 | 1 |
_aNew York, : _bFairchild Books, an imprint of Bloomsbury Publishing Inc., _c2015. |
|
| 300 |
_axix, 380 pages : _bcolor illustrations ; _c30 cm |
||
| 336 |
_atext _btxt _2rdacontent |
||
| 337 |
_aunmediated _bn _2rdamedia |
||
| 338 |
_avolume _bnc _2rdacarrier |
||
| 500 | _aRevised edition of: J.J. Pizzuto's Fabric science / Allen C. Cohen, Ingrid Johnson. 2012. | ||
| 504 | _aIncludes bibliographical references and index. | ||
| 505 | 0 | _aThe textile industry -- Fiber characteristics -- Natural and manufactured fibers -- Yarns and sewing threads -- Woven fabrics -- Knitted fabrics -- Other types of textiles -- Textile dyeing -- Textile printing -- Textile finishing -- Textiles and the environment -- Care and renovation of textiles -- Performance, technical, and smart textiles -- Textiles for interiors -- Determining fabric quality -- Guide to fabric selection -- Textile laws, regulations, and trade agreements. | |
| 520 | _aWith the increasing emphasis on textiles as a major global industry, this edition continues the tradition of meeting the needs of both students and professionals. Amongst other new material, Cohen and Johnson address the effect of textiles and textile products on the environment throughout the text. | ||
| 650 | 0 |
_aFashion & Accessories _vTextile & Costume |
|
| 650 | 0 |
_aSocial sciences  _vEconomics  _vSecondary industries and services _xProduction  |
|
| 700 | 1 | _aJohnson, Ingrid. | |
| 700 | 1 | _aSarkar, Ajoy K. | |
| 700 | 1 |
_aPizzuto, Joseph J. _q(Joseph James). _tFabric science. |
|
| 906 |
_a7 _bcbc _corignew _d1 _eecip _f20 _gy-gencatlg |
||
| 942 |
_2ddc _cREF _n0 |
||
| 999 |
_c15193 _d15193 |
||